|
|
|
|
| LEADER |
00000nam a22000007a 4500 |
| 008 |
160426b2015 cr a|||| |||| 00| | spa d |
| 090 |
|
|
|a 02.04.02
|b 2315
|
| 100 |
1 |
|
|9 1117
|a Cabezas Pizarro, Hannia
|
| 245 |
1 |
0 |
|a Intervención en el manejo del acoso entre pares en la escuela costarricense /
|c Hannia Cabezas Pizarro, Ana Luisa Guzmán Hernández
|
| 260 |
|
|
|a [San José, Costa Rica] :
|b INIE,
|c 2015
|
| 300 |
|
|
|a 73 páginas, 48 págians sin numerar;
|b ilustraciones
|
| 500 |
|
|
|a Informe finalproyecto de investigación Nº.724-B4-346
|
| 650 |
1 |
4 |
|9 71
|a VIOLENCIA
|
| 650 |
1 |
4 |
|9 1630
|a ACOSO
|
| 650 |
1 |
4 |
|9 721
|a AGRESIÓN
|
| 650 |
1 |
4 |
|9 1631
|a RELACIONES ENTRE PARES
|
| 700 |
1 |
|
|9 1632
|a Guzmán Hernández, Ana Luisa
|
| 942 |
|
|
|i 004136,004413
|h 02.04.02 2315
|2 z
|c 04
|
| 999 |
|
|
|c 3163
|d 3163
|